Derecho y salud mental : una mirada interdisciplinaria. Tomo I /
Guardado en:
| Otros Autores: | , , |
|---|---|
| Formato: | Libro |
| Idioma: | Undetermined |
| Publicado: |
Santa Fé :
Rubinzal - Culzoni,
2020.
|
| Edición: | 1a. ed. |
| Materias: | |
| Etiquetas: |
Agregar Etiqueta
Sin Etiquetas, Sea el primero en etiquetar este registro!
|
| LEADER | 00815nam a22002295a 4500 | ||
|---|---|---|---|
| 001 | DER.der014937 | ||
| 008 | 231207s2020####xx############000#0#und#d | ||
| 005 | 20250529132059.0 | ||
| 245 | 1 | 0 | |a Derecho y salud mental : |b una mirada interdisciplinaria. |n Tomo I / |c Alfredo Jorge Kraut, Guillermina Leontina Sosa. |
| 250 | |a 1a. ed. | ||
| 260 | |a Santa Fé : |b Rubinzal - Culzoni, |c 2020. | ||
| 300 | |a 717 p. | ||
| 020 | |a 9789873014420 | ||
| 700 | 1 | |a Kraut, Alfredo Jorge, |e dir. | |
| 700 | 1 | |a Sosa, Guillermina Leontina, |e coord. | |
| 700 | 1 | |a Kemelmajer de Carlucci, Aída, |e prol. | |
| 700 | 1 | |a Saraceno, Benedetto, |e prol. | |
| 650 | 7 | |a PERSPECTIVA CONSTITUCIONAL | |
| 650 | 7 | |a INTERNACIONES INVOLUNTARIAS | |
| 650 | 7 | |a PROCESO COLECTIVO | |
| 650 | 7 | |a PREVENCION PRIMARIA | |
| 859 | |a DERECHO |b BIB. DERECHO |h 346 |i DER |p 0010595 |3 Tomo I | ||
